| 000 | 01440cam a22002655a 4500 | ||
|---|---|---|---|
| 001 | L150816 | ||
| 008 | 100907s2009 xxk f 000 0 eng d | ||
| 020 | _a9780199568598 | ||
| 035 | _a(Sirsi) u150816 | ||
| 041 | 0 | _aeng | |
| 050 | 0 | 4 | _a346.410438 $2 18 |
| 100 | 1 | _aAbbey, Robert | |
| 245 | 0 | 2 | _aA practical approach to conveyancing |
| 250 | _a11th ed. | ||
| 260 |
_aOxford _bOxford University Press _c2010 |
||
| 300 |
_axxxvi, 617p. _c25cm. |
||
| 505 | 2 | _aTaking instructions and other initial matters -- The draft contract -- Pre-contract searches and enquiries, town and country planning -- Deduction and investigation of title -- Exchange of contracts; death or insolvency of contracting parties between exchange and completion -- The purchase deed and mortgage -- Pre-completion procedures and completion -- post-completion procedures: delays and remedies -- Leaseholds and commonhold -- New properties -- Commercial conveyancing -- Business tenancies and the Landlord and Tenant Act 1954, Pt II. | |
| 520 | _aApproaches conveyancing in a pragmatic way, providing practical solutions to everyday problems encountered by conveyancing practitioners. Includes sample documentation and practical guidance. | ||
| 520 | _aSupersedes previous editions. | ||
| 590 | _aKA | ||
| 651 | 4 |
_aEngland and Wales _y1543- |
|
| 690 | _aPROPERTY-PROPERTY ACQUISITION AND DISPOSAL-CONVEYANCING | ||
| 700 | 1 | _aRichards, Mark | |
| 942 | _n0 | ||
| 999 |
_c110991 _d110991 |
||